00785nam a22002177a 450000500170000001000230001702000260004003500140006603700300008003700090011008200110011910000300013024500700016025000060023026000410023627000550027730000350033294200250036799900190039295201560041120260323163609.0 aBACEN25 ENG-148144 a9789363865549c899.00 aEN-131676 bInternational Book Center bDBAD a00527 aHorstmann, Cay S. 988754 aProgramming with Java: Beginner to Advanced/cBy Cay S. Horstmann a7 aNew Delhic2025bWiley India Pvt Ltd bNew Delhia4436/7, Ansari Road, Darya Ganje110002 axxxvii,909p.c24cm (pb)bIndex 2ddccENh005mHORe7 c209122d209122 001040718NFICaDBADbDBADd2026-03-23eDelivery of Books Act Divisiong899.00l0o005 HORpEN-131676r2026-03-23 00:00:00t1v899.00w2026-03-23yEN